Experiment in personality assessment of young men remanded in custody (Record no. 495926)

000 -LEADER
fixed length control field 00363cam a22001097a 4500
008 - FIXED-LENGTH DATA ELEMENTS--GENERAL INFORMATION
fixed length control field 180718b1972 xxu||||| |||| 00| 0 eng d
082 ## - DEWEY DECIMAL CLASSIFICATION NUMBER
Classification number Q985x42 Un3
100 ## - MAIN ENTRY--PERSONAL NAME
Personal name Anthony, H. Sylvia
245 ## - TITLE STATEMENT
Title Experiment in personality assessment of young men remanded in custody
Statement of responsibility, etc. by H. Sylvia Anthony
260 ## - PUBLICATION, DISTRIBUTION, ETC.
Place of publication, distribution, etc. London
Name of publisher, distributor, etc. Her Majesty's Stationery Office
Date of publication, distribution, etc. 1972
300 ## - PHYSICAL DESCRIPTION
Extent 79p.
Holdings
Withdrawn status Lost status Damaged status Not for loan Permanent Location Current Location Date acquired Full call number Barcode Date last seen Price effective from Koha item type
        Indian Institute of Public Administration Indian Institute of Public Administration 2018-08-04 Q985x42 Un3 G11305 2018-08-04 2018-08-04 G

Powered by Koha